[Event "EU-ch 6th"]
[Site "Warsaw"]
[Date "2005.06.20"]
[Round "3"]
[White "Motylev, Alexander"]
[Black "Mamedov, Rauf"]
[Result "1-0"]
[WhiteElo "2680"]
[BlackElo "2511"]
[Annotator "Rogozenco,D"]
[PlyCount "59"]
[EventDate "2005.06.18"]
[EventType "swiss"]
[EventRounds "13"]
[EventCountry "POL"]
[SourceTitle "CBM 108"]
[Source "ChessBase"]
[SourceDate "2005.09.26"]
[SourceVersion "1"]
[SourceVersionDate "2005.09.26"]
[SourceQuality "1"]

1. e4 c5 2. Nf3 d6 3. d4 Nf6 4. Nc3 cxd4 5. Nxd4 g6 6. Be3 Bg7 7. f3 O-O 8. Qd2
Nc6 9. Bc4 Nd7 10. O-O-O Nb6 11. Be2 $5 (11. Bb3 Na5 (11... Ne5 12. Qe2 $14) ({
The very first game with the variation 9...Nd7 went} 11... a5 12. a4 Ne5 13.
Qe2 Bd7 14. f4 Ng4 15. Bg1 Bh6 16. g3 Ne5 {Vasiukov-Averbakh, USSR, 1956} 17.
Kb1 $1 Bg4 18. Qb5 $16 {Estrin}) 12. Qd3 $14) 11... d5 (11... Ne5 12. b3 Bd7 (
12... d5 13. Ndb5 e6 14. exd5 Nxd5 15. Nxd5 exd5 16. Bd4 Be6 17. f4 Nc6 18.
Bxg7 Kxg7 19. Kb1 $14 {1-0 Ramesh,R (2391)-Konguvel,P (2436)/India 1999 (36)})
(12... a5 13. a4 $14) 13. h4 a6 14. h5 Qc7 $14 {1/2-1/2 Sveshnikov,E (2551)
-Fedorov,A (2604) 2003 (30)}) (11... Na5 12. b3 $14) 12. Kb1 ({According to S.
Sulskis the best for White is} 12. Ndb5 dxe4 13. Qxd8 (13. Qe1 $5) 13... Nxd8
14. Nxa7 exf3 15. gxf3 $14 {On the other hand Motylev's 12.Kb1 looks at least
as good.}) ({Interesting is also} 12. exd5 Nxd5 13. Nxc6 bxc6 14. Bd4 $14 {
when we have a well-known theoretical position with the bishop on e2 instead
of f1.}) 12... Rb8 ({The standard idea of White's previous move can be seen in
the following variation:} 12... dxe4 $2 13. Nxc6 Qxd2 {with the king on b1
this comes without check, allowing White after} 14. Nxe7+ {to remain with an
extra piece}) (12... Nxd4 13. Bxd4 dxe4 14. Qe3 $5 $14) 13. b3 $5 {This points
out that Black's plan is somewhat dubious. With the knight on b6 Black finds
it difficult to create counterplay. The rook on b8 also looks completely
pointless.} Nxd4 ({Black has no com pensation after} 13... e5 14. Nxc6 bxc6 15.
exd5 cxd5 16. Nxd5 $16) 14. Bxd4 dxe4 15. Nxe4 Bf5 16. Bxg7 Qxd2 17. Rxd2 Kxg7
18. Ng3 Be6 {The bishop is awkward on e6.} (18... Rfd8 19. Nxf5+ (19. Rhd1 Rxd2
20. Rxd2 Be6 21. c4 $14) 19... gxf5 20. Rhd1 Rxd2 21. Rxd2 Kf6 (21... f4 22.
Rd4 e5 23. Rd6 $14) 22. f4 $14 {/+/-}) ({The best chances for a successfull
defense would have offered} 18... Bd7 19. Rhd1 Bc6) 19. Rhd1 $14 {White has a
small, but stable advantage.} Rbc8 (19... h5 20. h4 $14) 20. f4 $1 Rc7 21. Bf3
Nc8 22. Ne4 h6 23. Kb2 b6 (23... b5 $142 $14) ({If Black wanted to advance the
f-pawn in order to play then ...Nd6, he should have done it at once:} 23... f5
24. Nc3 Nd6 $14) 24. c4 f5 {As the result of the previous play Black has
problems to find any useful moves and decides to make a serious positional
concession.} 25. Nc3 Nd6 26. Re2 Bf7 27. Rde1 Re8 28. Nd5 Bxd5 29. Bxd5 $16 {
[%csl Re6][%cal Ge2e6] Black's position is difficult and he collapses at once.}
b5 $2 ({Black should have covered square e6 with} 29... Nf7 30. Kc3 Nd8 {
and with good defense he has good chances to hold the position.}) 30. Re6 (30.
Re6 {[%cal Ge6d6]} Nc8 31. Bc6 $18) 1-0

[Event "NED-ch62"]
[Site "Hilversum"]
[Date "2007.06.16"]
[Round "1"]
[White "Stellwagen, Daniel"]
[Black "Tiviakov, Sergei"]
[Result "1/2-1/2"]
[WhiteElo "2600"]
[BlackElo "2663"]
[Annotator "Rogozenco,D"]
[PlyCount "59"]
[EventDate "2007.06.16"]
[EventType "tourn"]
[EventRounds "11"]
[EventCountry "NED"]
[EventCategory "12"]
[SourceTitle "CBM 119"]
[Source "ChessBase"]
[SourceDate "2007.08.01"]
[SourceVersion "1"]
[SourceVersionDate "2007.08.01"]
[SourceQuality "1"]

1. e4 c5 2. Nf3 Nc6 3. d4 cxd4 4. Nxd4 g6 5. Nc3 Bg7 6. Be3 Nf6 7. Bc4 O-O 8.
Bb3 d6 9. f3 Bd7 10. Qd2 Nxd4 11. Bxd4 b5 12. h4 a5 13. h5 a4 ({In his
previous game with the present position Tiviakov went for another line:} 13...
e5 14. hxg6 exd4 (14... hxg6 $2 15. Be3 a4 16. Bh6 Nh5 17. Bd5 Rc8 18. g4 b4
19. Ne2 $18) 15. Bxf7+ Kh8 16. Qxd4 h6 {The position is certainly messy, but
possibly around here White can improve and develop a strong initiative} 17.
O-O-O ({Worth serious attention is} 17. Qe3 Ng8 18. g4 Be8 (18... b4 19. Nd5
$16) 19. g5 Bxf7 20. gxh6 Bxg6 21. hxg7+ Kxg7 22. Nd5 $40) 17... b4 18. Nd5 ({
Again} 18. Qe3 $5 {is an important option}) 18... Be8 19. Bxe8 Ng8 20. Qb6 {
The draw was agreed in Karjakin,S (2645)-Tiviakov,S (2678) /Gothenburg 2005.
After 20...Qxe8 the position is double-edged.}) 14. Bxf6 exf6 15. Bd5 b4 {
This forcing move has brought Black very good results in practice. It requires
a lot of home analysis.} ({Earlier Black used to play more often} 15... Rc8 {
Then after} 16. hxg6 hxg6 17. Rh6 {critical is} (17. a3 f5 $13) 17... f5 {
which has never been played yet}) 16. Ne2 (16. hxg6 bxc3 17. Bxf7+ Rxf7 18.
gxf7+ Kh8 19. Qxc3 f5) 16... f5 {This exchange sacrifice is the point of the
15...b4. If White does not accept the sacrifice, Black's idea appears entirely
justified.} 17. hxg6 hxg6 18. Qxb4 {Hardly the strongest. More principled are
the other two continuations: 18.exf5 and 18.Bxa8.} (18. exf5 Bxf5 19. g4 Be6
20. Bxa8 Qxa8 $44 {1/2-1/2 Moreno Carnero,J (2512)-Korneev,O (2561)/Port Erin
2003 (31)}) (18. Bxa8 Qxa8 19. Qxd6 (19. Qxb4 a3 20. c3 axb2 21. Qxb2 fxe4 $44)
19... Bb5 20. Nf4 (20. Nd4 {leads to a lot of complicated variations, which at
the present moment are considered to offer Black sufficient play for equality.}
) 20... Rd8 $44 {0-1 Cheparinov,I (2625)-Leon Hoyos,M (2425)/Cuernavaca 2006 
(38)}) 18... a3 (18... Ra6 19. Qd2 a3 20. b3 $1 fxe4 (20... Bxa1 $2 21. Qh6 $18
) 21. fxe4 Bc6 22. c3 Re8 23. O-O-O Bxd5 24. exd5 $14 {0-1 Todorovic,G (2459)
-Ristic,N (2480)/Budva 2003 (41)}) ({The alternative} 18... Qb8 19. a3 Qxb4+
20. axb4 Bxb2 21. Rb1 a3 {looks very attractive, but after} 22. Bxa8 Rxa8 23.
Kd2 Be5 24. c3 (24. Nc3 $2 a2 25. Ra1 Ra3) 24... fxe4 25. fxe4 {it is not
clear if Black's compensation is really so strong as it seems.}) 19. c3 $146 {
Again White refuses to take the exchange.} ({After} 19. Bxa8 Qxa8 {Black's two
strong bishops offer sufficient compensation, but only this way can White try
to set problems for Black.} 20. Rb1 (20. c3 $5 axb2 21. Qxb2 fxe4 22. O-O $13)
20... axb2 21. Rxb2 fxe4 22. fxe4 Bg4 23. Rh4 (23. c3 $5 {[%cal Ge1g1]}) 23...
Qc8 $44 {0-1 Gonzalez Pruneda,A-Mate Adan,C (2262)/Cala Mendia 2001 (32)})
19... axb2 20. Qxb2 Rc8 {Black is only a pawn down and with his active pieces
and clear targets for attack has more than sufficient compensation. White must
play carefully in order to keep the balance.} 21. Qd2 ({After} 21. O-O Bh6 $5 {
Black suddenly creates an annoying threat of Be3 followed by Qh4 mate! White
must further weaken the pawn structure.} 22. f4 fxe4 23. Bxe4 Re8 24. Bf3 Qa5
$44) 21... fxe4 (21... Qa5 22. Rh6 $5 $132) 22. fxe4 Bc6 23. Rd1 Bxd5 24. Qxd5
Be5 $44 25. Qd2 (25. Rh3 Qg5 $44) 25... Re8 26. Qh6 Qb6 27. Qh7+ Kf8 28. Qh6+ (
{The attractive-looking} 28. Rf1 {loses by force due to:} Bxc3+ $1 {After
other moves White is better indeed, but now Black is the first one to mate...}
29. Nxc3 Rxe4+ $1 30. Ne2 (30. Nxe4 Qe3# {A great mate!}) 30... Rxe2+ 31. Kxe2
Re8+ {and Black will mate soon.}) 28... Kg8 ({Black could have tried to play
for more with} 28... Bg7 29. Qf4 Re6 $44 ({Even} 29... d5 {is possible,
although after} 30. Rxd5 Qb1+ 31. Rd1 Qxa2 {the draw remains the most likely
outcome})) 29. Qh7+ Kf8 30. Qh6+ 1/2-1/2

[Event "World Cup"]
[Site "Khanty-Mansiysk"]
[Date "2007.11.24"]
[Round "1.1"]
[White "Motylev, Alexander"]
[Black "Savchenko, Boris"]
[Result "1-0"]
[WhiteElo "2645"]
[BlackElo "2583"]
[Annotator "Rogozenco,D"]
[PlyCount "77"]
[EventDate "2007.11.24"]
[EventType "k.o."]
[EventRounds "7"]
[EventCountry "RUS"]
[SourceTitle "CBM 122"]
[Source "ChessBase"]
[SourceDate "2008.01.30"]
[SourceVersion "1"]
[SourceVersionDate "2008.01.30"]
[SourceQuality "1"]

1. e4 c5 2. Nf3 d6 3. d4 Nf6 4. Nc3 cxd4 5. Nxd4 g6 6. Be3 Bg7 7. f3 Nc6 8. Qd2
O-O 9. Bc4 Qc7 $6 {A move with a bad reputation and the present game is a good
example why.} 10. Bb3 Nxd4 11. Bxd4 Be6 12. O-O-O Bxb3 $146 (12... Rfd8 13. Kb1
Bc4 14. h4 e6 15. h5 b5 16. hxg6 fxg6 (16... hxg6 17. Qg5 e5 18. Be3 $16) 17.
Nxb5 $1 Bxb5 18. Qg5 Nd5 (18... Qe7 19. Qxb5 $18) 19. Bxd5 exd5 20. Qxd5+ Qf7
21. Qxb5 $18 {1-0 Formanek,E-Spiller,A/Seattle 1966 (23)}) 13. cxb3 $1 {
As usual in such positions recapturing with the c-pawn secures White against
Black's attack on the queenside.} (13. axb3 Qc6 14. Kb1 b5 $132 {[%cal Ga7a5,
Ga5a4]}) 13... e6 14. Kb1 Qe7 15. Qf2 $1 b6 (15... a6 {loses the exchange:} 16.
e5 dxe5 (16... Ne8 17. exd6 Nxd6 18. Bxg7 Kxg7 19. Qd4+ $18) 17. Bc5 $16) 16.
Rd3 $1 Rad8 17. Rhd1 {A very instructive play from White. Apparently the pawn
structure favours Black - a pawn endgame would be winning for him - but in
reality such middlegames are very unpleasant for Black. White secures first
against any possible counterplay and then will start advancing the kingside
pawns. Sooner or later the kingside will be open and White will build an
attack there. The main thing for White is to avoid the exchange of queens,
rooks and it would be good to keep knights as well.} Rd7 (17... h5 18. h3 $16)
18. g4 Rfd8 19. h4 d5 ({Another way to stop the direct attack, but get a very
passive position was} 19... h5 20. g5 Ne8 21. Bxg7 Nxg7 22. f4 $16) (19... e5
20. Be3 $16 {[%csl Rd5]}) 20. e5 Ne8 21. f4 $16 f6 (21... Nc7 22. h5 gxh5 23.
gxh5 $18) 22. Rf3 Nc7 23. g5 $5 (23. exf6 Bxf6 24. h5 $16) 23... f5 $6 ({
Better was} 23... fxe5 24. fxe5 Rf8 {after which White has many attractive
options. For instance deserves attention the exchange sac:} 25. Rf6 $5 Bxf6 26.
gxf6 Qf7 27. Rg1 $44) 24. a3 {White's position is so good that he can allow
himself such prophylactic moves.} (24. h5 $16) 24... h5 $2 {In passive bad
positions it is very difficult to continue waiting. But any desire to change
something in the position usually only helps the opponent, just like here.} (
24... Rc8 25. h5 $16) 25. gxh6 Bxh6 26. h5 $18 g5 (26... gxh5 27. Rh1 $18) 27.
fxg5 Bxg5 28. Rg1 Kh8 (28... Kh7 29. Qg2 Rg8 (29... Bh6 30. Qg6+ $18) 30. Rg3
Kh6 31. Be3 $18) 29. Rxf5 $1 ({Black hoped for} 29. Qg2 Bh6 30. Rg3 Qh7 {
and he still holds somehow.}) 29... Qh7 (29... exf5 30. e6+ Bf6 31. exd7 Rxd7
32. Qg3 Rd8 33. Qg5 $18) 30. Rgxg5 Rg7 (30... exf5 31. e6+ $18) (30... Rf8 31.
Ka2 Rxf5 32. Rxf5 Qxf5 33. Qxf5 exf5 34. e6+ $18) 31. Ka2 exf5 32. e6 Nxe6 33.
Rxg7 Nxg7 34. Qh4 Rd7 (34... Rd6 35. Qe7 $18) 35. h6 Kg8 36. Qg5 f4 37. Nxd5
Qf5 38. Nf6+ Kf7 39. Qxg7+ 1-0